[Event "5th HD Bank Cup 2015"]
[Site "Ho Chi Minh City VIE"]
[Date "2015.03.19"]
[Round "5.24"]
[White "Nguyen, Tan Thinh"]
[Black "Tran, Quoc Dung"]
[Result "1-0"]
[WhiteElo "1990"]
[BlackElo "2288"]
[WhiteFideId "12403458"]
[BlackFideId "12400645"]
[EventDate "2015.03.17"]

1. e4 c5 2. Nf3 e6 3. d4 cxd4 4. Nxd4 a6 5. Nc3 Qc7 6. Be2 b5 7. O-O Bb7 8. Bf3
Nc6 9. Re1 Ne5 10. Nb3 Nf6 11. Bf4 d6 12. a4 b4 13. Na2 Nxf3+ 14. gxf3 g5 15.
Bg3 e5 16. Nxb4 Be7 17. Qd2 Rg8 18. Rad1 h5 19. Nd5 Nxd5 20. exd5 f6 21. h3 h4
22. Bh2 Bc8 23. Qd3 Rg7 24. Kh1 Qd7 25. f4 Qxh3 26. fxe5 fxe5 27. Na5 Qxd3 28.
Rxd3 g4 29. Nc6 Bg5 30. f4 gxf3 31. Rxf3 Bg4 32. Rf2 Bh5 33. c4 Bf7 34. Nxe5
dxe5 35. Bxe5 Rg6 36. Bd4+ Be7 37. Bc5 Be6 38. Bxe7 Kxe7 39. Rfe2 Rb8 40. Rxe6+
Rxe6 41. Rxe6+ Kd7 42. Rxa6 Rxb2 43. a5 Ra2 44. c5 Rc2 45. Rc6 Rd2 46. a6 Ra2
47. Rh6 Ra5 48. Rh7+ Kc8 49. a7 1-0

[Event "5th HD Bank Cup 2015"]
[Site "Ho Chi Minh City VIE"]
[Date "2015.03.19"]
[Round "5.25"]
[White "Le, Tuan Minh"]
[Black "Tran, Minh Thang"]
[Result "1-0"]
[WhiteTitle "FM"]
[BlackTitle "CM"]
[WhiteElo "2393"]
[BlackElo "2196"]
[WhiteFideId "12401153"]
[BlackFideId "12401080"]
[EventDate "2015.03.17"]

1. c4 e6 2. Nf3 Nf6 3. d4 d5 4. Nc3 c6 5. e3 a6 6. b3 Nbd7 7. Bd3 Qc7 8. O-O b5
9. Bb2 Be7 10. Qc2 Bb7 11. c5 h6 12. Ne2 g5 13. b4 O-O-O 14. a4 h5 15. axb5 axb5
16. Ra7 g4 17. Ne5 Nxe5 18. dxe5 Nd7 19. Rfa1 h4 20. Nd4 Nb8 21. Nb3 Rd7 22. Na5
Qd8 23. Bxb5 g3 24. Bf1 gxf2+ 25. Qxf2 Qf8 26. Bd4 Rh6 27. Nxb7 Rxb7 28. Rxb7
Kxb7 29. Qa2 1-0

[Event "5th HD Bank Cup 2015"]
[Site "Ho Chi Minh City VIE"]
[Date "2015.03.19"]
[Round "5.26"]
[White "Vo, Dai Hoai Duc"]
[Black "Myo Naing"]
[Result "1-0"]
[BlackTitle "IM"]
[WhiteElo "2195"]
[BlackElo "2299"]
[WhiteFideId "12400033"]
[BlackFideId "13000071"]
[EventDate "2015.03.17"]

1. d4 Nf6 2. c4 e6 3. Nc3 Bb4 4. e3 O-O 5. Ne2 d5 6. a3 Be7 7. Nf4 b6 8. cxd5
exd5 9. Bd3 Bb7 10. g4 c5 11. g5 Ne4 12. h4 cxd4 13. exd4 Re8 14. Kf1 Na6 15.
Nce2 Rc8 16. Qa4 Nb8 17. Qxa7 Nd6 18. Qa4 Bf8 19. Rg1 Nc4 20. Qd1 Bd6 21. b3 Na5
22. h5 Rc7 23. Ng2 Nd7 24. Ne3 g6 25. hxg6 fxg6 26. Ng4 Rf8 27. Be3 Qe7 28. Qb1
Qg7 29. Nh6+ Kh8 30. Rh1 Nc6 31. Bxg6 Qxg6 32. Qxg6 hxg6 33. Nf5+ Kg8 34. Nxd6
Ba6 35. Ke1 Ne7 36. Rc1 Rxc1+ 37. Nxc1 Nf5 38. Nxf5 Rxf5 39. Kd2 Nf8 40. Na2 Ne6
41. Nb4 Bb5 42. Rg1 Kf8 43. a4 Be8 44. Nd3 Ke7 45. Rg4 Kd6 46. f4 Ng7 47. Ne5
Nh5 48. Kd3 Rf8 49. Bc1 Kc7 50. Rh4 Bd7 51. Ke3 Bf5 52. Ba3 Rc8 53. Rh1 Kb7 54.
Rc1 Rxc1 55. Bxc1 Ng7 56. Kd2 Ne6 57. Kc3 Ka6 58. Nc6 Kb7 59. Ne7 Be4 60. Ng8
Ng7 61. Nf6 Bf3 62. Ba3 Kc6 63. Bc1 Kb7 64. Kd3 Nf5 65. Ba3 Kc6 66. Bf8 Bd1 67.
Kc3 Bf3 68. b4 Kc7 69. Kd3 Kc6 70. b5+ Kb7 71. Bb4 Kc7 72. a5 bxa5 73. Bxa5+ Kb7
74. Nd7 Nd6 75. Nc5+ Kc8 76. b6 Nc4 77. b7+ Kb8 78. f5 Bg4 79. f6 Nd6 80. Be1 1-0

[Event "5th HD Bank Cup 2015"]
[Site "Ho Chi Minh City VIE"]
[Date "2015.03.19"]
[Round "5.27"]
[White "Tran, Manh Tien"]
[Black "Li, Xueyi"]
[Result "0-1"]
[WhiteElo "2266"]
[BlackElo "2190"]
[WhiteFideId "12401897"]
[BlackFideId "8605912"]
[EventDate "2015.03.17"]

1. d4 d5 2. c4 e6 3. Nc3 c6 4. Nf3 Nf6 5. e3 Nbd7 6. Qc2 Bd6 7. b3 O-O 8. Bb2
Re8 9. Be2 Qe7 10. O-O b6 11. Rfd1 Bb7 12. Rac1 Rac8 13. Qb1 h6 14. Nd2 e5 15.
dxe5 Nxe5 16. cxd5 cxd5 17. Nb5 Rxc1 18. Qxc1 Bb8 19. Ba3 Qd7 20. Nd4 Rc8 21.
Qb1 Qc7 22. Rc1 Nc4 23. Nf1 Nxa3 24. Rxc7 Nxb1 25. Rxb7 Nc3 26. a4 Nxe2+ 27.
Nxe2 Ne8 28. Rd7 Nf6 29. Rb7 Ne8 30. Nd4 Nd6 31. Re7 Ne4 32. Rd7 Be5 33. Rxd5
Bxd4 34. Rxd4 Nc3 35. Rd2 Ne4 36. Rd4 Nc3 37. Rd2 Ne4 38. Rb2 Rc1 39. g3 Nc5 40.
Kg2 Nd3 41. Ra2 Ne1+ 42. Kh3 Nd3 43. Rd2 Rxf1 44. Rxd3 Rxf2 45. Rd8+ Kh7 46. Rd7
Rb2 47. Rxf7 Rxb3 48. Rxa7 Rxe3 49. Ra6 Rb3 50. Kg4 b5 51. a5 Ra3 52. Kf4 b4 53.
Ke4 Ra2 54. Kd4 Rxh2 55. Rb6 Ra2 56. Rb5 g5 57. Kc5 h5 58. Kb6 Kg6 59. Rxb4 Ra3
60. a6 Rxg3 61. Ka5 Ra3+ 62. Ra4 Rd3 63. a7 Rd8 64. Kb6 Kf5 65. Kb7 h4 66. Rc4
h3 67. Rc8 h2 68. Rxd8 h1=Q+ 69. Kb8 Qb1+ 70. Ka8 Qc2 71. Rf8+ Kg4 72. Rb8 Qc6+
73. Rb7 Qd5 0-1

[Event "5th HD Bank Cup 2015"]
[Site "Ho Chi Minh City VIE"]
[Date "2015.03.19"]
[Round "5.28"]
[White "Nguyen, Thi Mai Hung"]
[Black "Luong, Phuong Hanh"]
[Result "1-0"]
[WhiteTitle "WGM"]
[WhiteElo "2248"]
[BlackElo "2175"]
[WhiteFideId "12401676"]
[BlackFideId "12401013"]
[EventDate "2015.03.17"]

1. d4 c5 2. d5 Nf6 3. Nc3 d6 4. e4 g6 5. Nf3 Bg4 6. h3 Bxf3 7. Qxf3 Nbd7 8. Be2
Bg7 9. O-O O-O 10. Qg3 Rb8 11. a4 Qa5 12. f4 Ne8 13. Ra3 a6 14. Kh1 Qd8 15. a5
Nc7 16. Re1 b5 17. axb6 Rxb6 18. Bf3 Qb8 19. h4 Nb5 20. Nxb5 axb5 21. h5 b4 22.
Rae3 Ra6 23. Qh4 Bf6 24. Qh2 Bd4 25. R3e2 Ra1 26. Qh3 Qb5 27. g4 Rfa8 28. e5
dxe5 29. hxg6 fxg6 30. f5 g5 31. d6 Re8 32. Qh6 Nf6 33. dxe7 e4 34. Bxe4 Rxc1
35. Qxg5+ Kh8 36. Qxc1 Rxe7 37. Bf3 Rxe2 38. Rxe2 Qb8 39. Qh6 Ng8 40. Qh2 Qd8
41. b3 Qg5 42. Kg2 Qc1 43. Bd5 Qg5 44. Kf3 Ne7 45. Qb8+ Kg7 46. Qe8 Ng6 47. Qf7+
Kh6 48. fxg6 1-0

[Event "5th HD Bank Cup 2015"]
[Site "Ho Chi Minh City VIE"]
[Date "2015.03.19"]
[Round "5.29"]
[White "Nguyen, Anh Khoi"]
[Black "Nguyen, Minh Tuan"]
[Result "1-0"]
[WhiteTitle "FM"]
[WhiteElo "2239"]
[BlackElo "2142"]
[WhiteFideId "12404675"]
[BlackFideId "12403512"]
[EventDate "2015.03.17"]

1. d4 Nf6 2. c4 g6 3. Nf3 Bg7 4. g3 O-O 5. Bg2 c6 6. O-O d5 7. b3 Bf5 8. Bb2 Na6
9. Nbd2 Ne4 10. Nh4 Nxd2 11. Qxd2 Be6 12. Rac1 Qd7 13. Rfd1 Rfd8 14. Nf3 Bh3 15.
Bh1 h5 16. Ne5 Qe6 17. cxd5 cxd5 18. Nd3 Qf5 19. e3 Qd7 20. Qa5 e6 21. Ne5 Qd6
22. Nc6 bxc6 23. Qxa6 c5 24. Qxd6 Rxd6 25. dxc5 Ra6 26. Bxg7 Kxg7 27. Rd2 Rc8
28. b4 Ra4 29. Rb2 Kf6 30. Bf3 Ke7 31. Rc3 Rb8 32. a3 f5 33. Be2 Kd7 34. f3 Kc7
35. Kf2 e5 36. Rd2 a5 37. b5 d4 38. Rb3 dxe3+ 39. Rxe3 Re8 40. b6+ Kc6 41. Rb3
Kxc5 42. Rc2+ 1-0

[Event "5th HD Bank Cup 2015"]
[Site "Ho Chi Minh City VIE"]
[Date "2015.03.19"]
[Round "5.30"]
[White "Manaog, Stewart"]
[Black "Bao, Khoa"]
[Result "0-1"]
[BlackTitle "IM"]
[WhiteElo "2104"]
[BlackElo "2237"]
[WhiteFideId "5207410"]
[BlackFideId "12401501"]
[EventDate "2015.03.17"]

1. d4 Nf6 2. g3 g6 3. Bg2 Bg7 4. Nf3 O-O 5. O-O c6 6. b3 a5 7. a3 a4 8. Bb2 d5
9. e3 Qb6 10. Nbd2 Rd8 11. Qc1 Bf5 12. Nh4 Be6 13. Re1 Nbd7 14. Nhf3 c5 15. dxc5
Nxc5 16. b4 Nce4 17. Bd4 Qc7 18. Qb2 Rac8 19. Rac1 Bh6 20. Be5 Qb6 21. Bd4 Qc7
22. Bf1 Nd6 23. b5 Qa5 24. c3 Nd7 25. Qb4 Qxb4 26. cxb4 Bg7 27. Bxg7 Kxg7 28.
Nd4 Nb6 29. Nxe6+ fxe6 30. Rc5 Nd7 31. Rcc1 Kf6 32. f4 e5 33. Nf3 Rxc1 34. Rxc1
Rc8 35. Rxc8 Nxc8 36. Bh3 e6 37. Kf2 Ncb6 38. Bf1 e4 39. Nd4 e5 40. Nc2 Nc8 41.
Bh3 Ndb6 42. Bxc8 Nxc8 43. fxe5+ Kxe5 44. Nd4 Nd6 45. b6 Kf6 46. Ke2 Nc4 47. Nc2
Ke5 48. h3 h5 49. b5 Nxb6 50. Kd2 Nc4+ 51. Kc3 Nxe3 0-1

[Event "5th HD Bank Cup 2015"]
[Site "Ho Chi Minh City VIE"]
[Date "2015.03.19"]
[Round "5.31"]
[White "Vu, Quang Quyen"]
[Black "Tran, Ngoc Lan"]
[Result "1/2-1/2"]
[WhiteTitle "CM"]
[WhiteElo "1940"]
[BlackElo "2219"]
[WhiteFideId "12402168"]
[BlackFideId "12401811"]
[EventDate "2015.03.17"]

1. e4 e5 2. f4 exf4 3. Nf3 h6 4. Bc4 d6 5. O-O g5 6. d4 Bg7 7. c3 Be6 8. Qb3
Bxc4 9. Qxc4 Nc6 10. g3 g4 11. Nh4 f3 12. Nf5 Bf6 13. Qb5 Qc8 14. Bf4 a6 15. Qb3
Nce7 16. Nd2 Bg5 17. Ng7+ Kf8 18. Nh5 Ng6 19. Nc4 Nf6 20. Nxf6 Bxf6 21. Ne3 Bg5
22. Bxg5 hxg5 23. Qd5 Ne7 24. Qxg5 Rg8 25. Qh6+ Ke8 26. Rae1 Qe6 27. Qxe6 fxe6
28. h3 gxh3 29. Rxf3 Kd7 30. Kh2 Rg7 31. g4 Ng6 32. Ref1 Ke7 33. Rf6 Rf8 34. g5
Rgf7 35. Rxf7+ Rxf7 36. Rxf7+ Kxf7 37. Kxh3 Nf4+ 38. Kg4 Nd3 39. Kh5 Kg7 40. d5
exd5 41. exd5 Nf4+ 42. Kg4 Ng6 43. Kf5 Kf7 44. Ng2 Ne7+ 45. Ke4 Kg6 46. Nf4+
Kxg5 47. Ne6+ Kf6 48. Nxc7 Ng6 49. Ne8+ Ke7 50. Ng7 Ne5 51. Nf5+ Kd7 52. Ne3 Kc7
53. c4 Nd7 54. b4 b6 55. Ng4 b5 56. cxb5 axb5 57. Kf5 Nb6 58. Ke6 Na4 59. Ne3
Nc3 60. a3 Ne2 61. Kf5 Nc3 62. Ke6 Ne2 63. Ke7 Nc3 64. Kf6 Kd7 65. Kf5 Ke7 1/2-1/2

[Event "5th HD Bank Cup 2015"]
[Site "Ho Chi Minh City VIE"]
[Date "2015.03.19"]
[Round "5.32"]
[White "Vo, Thi Kim Phung"]
[Black "Le, Minh Tu"]
[Result "1-0"]
[WhiteTitle "WIM"]
[BlackTitle "FM"]
[WhiteElo "2197"]
[BlackElo "1810"]
[WhiteFideId "12401838"]
[BlackFideId "12404888"]
[EventDate "2015.03.17"]

1. d4 d5 2. Bf4 Nf6 3. e3 Bf5 4. c4 c6 5. Qb3 Qb6 6. Nc3 e6 7. c5 Qxb3 8. axb3
Nbd7 9. b4 Nh5 10. Bc7 Rc8 11. Rxa7 Rxc7 12. Ra8+ Ke7 13. f3 Nhf6 14. b5 b6 15.
bxc6 Rxc6 16. Bb5 Rc7 17. c6 g5 18. cxd7 Nxd7 19. Nge2 Bg7 20. Ra6 Rb8 21. Kd2
Nf6 22. Rc1 g4 23. Na4 Rxc1 24. Nxc1 gxf3 25. gxf3 Bh6 26. Rxb6 Rxb6 27. Nxb6
Kd8 28. Na4 Nd7 29. Bd3 Bg6 30. f4 Nf6 31. h3 Ne4+ 32. Ke1 Bf5 33. Bf1 Bf8 34.
Nc3 Bb4 35. Na2 Ba5 36. Bg2 Nd6 37. b4 Bc7 38. Ke2 Kd7 39. Na4 Kc6 40. N2c3 Nb5
41. Kd2 Nd6 42. Nc5 Nc4+ 43. Ke2 Bd8 44. b5+ Kb6 45. Nd7+ Ka5 46. Nb8 Kb6 47.
Nc6 Bh4 48. Ne5 Nxe5 49. fxe5 Be7 50. Bxd5 Bxh3 51. Bf3 Bb4 52. Ne4 Bf5 53. Nd6
Bg6 54. Bc6 Kc7 55. Nc4 h5 56. e4 h4 57. Kf2 Bc3 58. d5 Bd4+ 59. Kf3 Bh5+ 60.
Kg2 Be2 61. d6+ Kb8 62. d7 Kc7 63. Nd6 Bxe5 64. d8=Q+ Kxd8 65. Nxf7+ Kc7 66.
Nxe5 Kd6 67. Ng6 Kc5 68. Nxh4 Bd3 69. Kf3 e5 70. Ke3 Bf1 71. Nf3 Kd6 72. Nd2 1-0

[Event "5th HD Bank Cup 2015"]
[Site "Ho Chi Minh City VIE"]
[Date "2015.03.19"]
[Round "5.33"]
[White "Dang, Hoang Son"]
[Black "Tran, Thi Mong Thu"]
[Result "1-0"]
[WhiteTitle "FM"]
[WhiteElo "2237"]
[BlackElo "1934"]
[WhiteFideId "12402435"]
[BlackFideId "12403415"]
[EventDate "2015.03.17"]

1. d4 d5 2. Nf3 Nf6 3. c4 c6 4. Bf4 Bf5 5. Qb3 Qb6 6. c5 Qxb3 7. axb3 Na6 8. Nc3
Nb4 9. Ra4 a5 10. Bc7 Ng4 11. e3 Nd3+ 12. Bxd3 Bxd3 13. h3 Nf6 14. Kd2 Bg6 15.
Rha1 Rc8 16. Bh2 Nd7 17. Rxa5 f6 18. Ra8 Rxa8 19. Rxa8+ Kf7 20. Ra7 Bf5 21. Rxb7
g5 22. Rc7 Nb8 23. Ra7 Bg7 24. Ra8 Nd7 25. Rxh8 Bxh8 26. Na2 Nf8 27. Nb4 Bd7 28.
Ne1 e5 29. Ned3 Ke6 30. Na6 Bc8 31. Nb8 Bb7 32. Nb4 Nd7 33. N4xc6 Bxc6 34. Nxc6
Bg7 35. b4 Bf8 36. g4 h6 37. Kc3 Bg7 38. b5 Bf8 39. b4 1-0

[Event "5th HD Bank Cup 2015"]
[Site "Ho Chi Minh City VIE"]
[Date "2015.03.19"]
[Round "5.34"]
[White "Nguyen, Huynh Tuan Hai"]
[Black "Zhou, Guijue"]
[Result "1/2-1/2"]
[BlackTitle "WIM"]
[WhiteElo "1881"]
[BlackElo "2175"]
[WhiteFideId "12402923"]
[BlackFideId "8602905"]
[EventDate "2015.03.17"]

1. e4 d6 2. d4 g6 3. Nc3 Bg7 4. Be3 a6 5. a4 b6 6. Qd2 Bb7 7. f3 Nd7 8. Bc4 e6
9. Nge2 Ne7 10. Bh6 Bxh6 11. Qxh6 d5 12. Bd3 c5 13. exd5 cxd4 14. b3 Qc7 15. Qg7
O-O-O 16. Qxf7 exd5 17. Qxe7 dxc3 18. Qb4 d4 19. Qxd4 Rhe8 20. Qf2 Ne5 21. O-O-O
Kb8 22. Be4 Rc8 23. Bxb7 Kxb7 24. f4 Qe7 25. Nxc3 Rxc3 26. fxe5 Rec8 27. Kb1
Rxc2 28. Qxc2 Rxc2 29. Kxc2 Qc5+ 30. Kb1 Qe3 31. Rhe1 Qxb3+ 32. Kc1 1/2-1/2

[Event "5th HD Bank Cup 2015"]
[Site "Ho Chi Minh City VIE"]
[Date "2015.03.19"]
[Round "5.35"]
[White "Nguyen, Ngoc Thuy Trang"]
[Black "Tran, Le Dan Thuy"]
[Result "1-0"]
[WhiteTitle "WCM"]
[BlackTitle "WFM"]
[WhiteElo "1841"]
[BlackElo "2076"]
[WhiteFideId "12400688"]
[BlackFideId "12403407"]
[EventDate "2015.03.17"]

1. d4 Nf6 2. c4 g6 3. Nc3 Bg7 4. e4 d6 5. Nf3 O-O 6. h3 e5 7. d5 a5 8. Be3 Na6
9. g4 b6 10. Be2 Bd7 11. Nd2 Qc8 12. Rg1 Kh8 13. h4 Ng8 14. h5 gxh5 15. g5 h4
16. Bg4 h3 17. Bxd7 Qxd7 18. Qh5 Nb4 19. Rh1 Nc2+ 20. Kd1 Nxe3+ 21. fxe3 f5 22.
Qxh3 h6 23. Rf1 Qe7 24. gxh6 Nxh6 25. exf5 Qg5 26. Nde4 Qg4+ 27. Qxg4 Nxg4 28.
Ke2 Bh6 29. f6 Rf7 30. Rf3 Rg8 31. Rh1 Rg6 32. Rg3 Rh7 33. Rhg1 Bxe3 34. R1g2 1-0

[Event "5th HD Bank Cup 2015"]
[Site "Ho Chi Minh City VIE"]
[Date "2015.03.19"]
[Round "5.36"]
[White "Nguyen, Phuoc Tam"]
[Black "Kebbedies, Frank"]
[Result "1-0"]
[WhiteElo "2059"]
[BlackElo "1842"]
[WhiteFideId "12402109"]
[BlackFideId "24606944"]
[EventDate "2015.03.17"]

1. d4 Nf6 2. c4 e6 3. Nf3 d5 4. Nc3 c5 5. Bg5 cxd4 6. Nxd4 e5 7. Ndb5 d4 8. Bxf6
gxf6 9. Nd5 Na6 10. e3 dxe3 11. fxe3 Be7 12. Qh5 Qa5+ 13. Kf2 Be6 14. Be2 Bxd5
15. cxd5 Bc5 16. Rhd1 Qb6 17. Qh3 Rd8 18. a3 Nc7 19. Nc3 Be7 20. b4 a6 21. Rac1
Nb5 22. Bxb5+ axb5 23. d6 Rxd6 24. Nd5 Rxd5 25. Rxd5 O-O 26. Rd7 Bd8 27. Rc8 f5
28. Qg3+ Kh8 29. Qxe5+ Kg8 30. Kf1 Bf6 31. Qg3+ Bg7 32. Rxf8+ Kxf8 33. Qb8+ 1-0

[Event "5th HD Bank Cup 2015"]
[Site "Ho Chi Minh City VIE"]
[Date "2015.03.19"]
[Round "5.37"]
[White "Cho, Seongho"]
[Black "Nguyen, Truong Bao Tran"]
[Result "1/2-1/2"]
[WhiteElo "2036"]
[BlackElo "1884"]
[WhiteFideId "13200550"]
[BlackFideId "12402311"]
[EventDate "2015.03.17"]

1. d4 Nf6 2. c4 d6 3. Nc3 g6 4. e4 Bg7 5. f3 O-O 6. Be3 e5 7. Nge2 exd4 8. Nxd4
Nc6 9. Be2 Ne8 10. Qd2 f5 11. exf5 Nxd4 12. Bxd4 Bxf5 13. O-O Bxd4+ 14. Qxd4 Qf6
15. Nb5 Qxd4+ 16. Nxd4 Bd7 17. f4 Ng7 18. Bf3 c6 19. Rad1 Rad8 20. g3 Nf5 21.
Nc2 Be6 22. b3 Rfe8 23. Rd2 Rd7 24. Rfd1 Red8 25. Kf2 Kf7 26. g4 Ne7 27. Nd4 Rc7
28. Kg3 d5 29. c5 Bc8 30. h4 Ng8 31. g5 Re8 32. Rh2 Ne7 33. h5 Nf5+ 34. Kf2 Nxd4
35. hxg6+ hxg6 36. Rh7+ Kg8 37. Rxc7 Ne6 38. Rxc8 Rxc8 39. Bg4 Re8 40. Re1 Kf7
41. f5 Ng7 42. Rxe8 Nxe8 43. fxg6+ Kxg6 44. Bc8 b6 45. cxb6 axb6 46. Bd7 Nc7 47.
Bxc6 Kxg5 48. Ke3 Kf5 49. Kd4 Ke6 50. b4 Kd6 51. Ba4 Ne6+ 52. Ke3 Ke5 53. Bc2
Nf4 54. a4 d4+ 55. Kf3 Nd5 56. a5 Nxb4 57. axb6 Kd6 58. b7 Kc7 59. Ke4 Kxb7 60.
Kxd4 1/2-1/2

[Event "5th HD Bank Cup 2015"]
[Site "Ho Chi Minh City VIE"]
[Date "2015.03.19"]
[Round "5.38"]
[White "Truong, Anh Kiet"]
[Black "Le, Minh Hoang"]
[Result "1/2-1/2"]
[BlackTitle "CM"]
[WhiteElo "1766"]
[BlackElo "2025"]
[WhiteFideId "12405990"]
[BlackFideId "12404683"]
[EventDate "2015.03.17"]

1. e4 c5 2. c3 d5 3. exd5 Qxd5 4. d4 Nc6 5. Nf3 Bg4 6. Be2 e6 7. Be3 cxd4 8.
cxd4 Nf6 9. Nc3 Qd6 10. O-O Be7 11. a3 O-O 12. b4 a6 13. Qb3 Rac8 14. Rfd1 Rfd8
15. Rac1 h6 16. Kh1 Bf8 17. Ng1 Bxe2 18. Ngxe2 Ne7 19. Nf4 g6 20. h3 Bg7 21. Kg1
Ned5 22. Ncxd5 Nxd5 23. Rxc8 Rxc8 24. Nxd5 exd5 25. Qb2 b5 26. Qd2 Rc4 27. Rc1
Qc6 28. Rxc4 Qxc4 29. g3 h5 30. Kg2 f5 31. Qd1 Kf7 32. g4 hxg4 33. hxg4 f4 34.
Bxf4 Bxd4 35. Qf3 Ke6 36. Qh3 Qc2 37. Bg3 Qe4+ 38. Kh2 Be5 39. Qh7 Bxg3+ 40.
Kxg3 Ke5 41. Qh8+ Kd6 42. Qd8+ 1/2-1/2

[Event "5th HD Bank Cup 2015"]
[Site "Ho Chi Minh City VIE"]
[Date "2015.03.19"]
[Round "5.39"]
[White "Kuich, Gero"]
[Black "Lee, Kyungseok"]
[Result "1/2-1/2"]
[WhiteElo "1763"]
[BlackElo "1959"]
[WhiteFideId "1322079"]
[BlackFideId "13202154"]
[EventDate "2015.03.17"]

1. d4 Nf6 2. c4 e6 3. Nf3 b6 4. g3 Bb7 5. Bg2 Be7 6. O-O O-O 7. Nbd2 c5 8. b3 d5
9. Bb2 Nc6 10. e3 Rc8 11. Qe2 Qc7 12. Rac1 cxd4 13. Nxd4 Nxd4 14. Bxd4 dxc4 15.
Bxb7 Qxb7 16. Nxc4 Rfd8 17. Ne5 Ne8 18. Qf3 Qxf3 19. Nxf3 f6 20. Bb2 e5 21. Rxc8
Rxc8 22. Rc1 Rxc1+ 23. Bxc1 Kf7 24. Kf1 Ke6 25. Ke2 Kd5 26. Nd2 f5 27. f3 Nf6
28. Bb2 e4 29. fxe4+ fxe4 30. Bxf6 Bxf6 31. Kd1 h5 32. Ke2 g5 33. h3 b5 34. g4
h4 35. Nb1 a5 36. Kd2 Be5 37. Ke2 Kc5 38. Nd2 Kd5 39. Nb1 Kc5 40. Nd2 Kd5 1/2-1/2

[Event "5th HD Bank Cup 2015"]
[Site "Ho Chi Minh City VIE"]
[Date "2015.03.19"]
[Round "5.40"]
[White "Nguyen, Tran Ngoc Thuy"]
[Black "Frost, Peter"]
[Result "1-0"]
[WhiteTitle "WFM"]
[WhiteElo "1887"]
[BlackElo "1821"]
[WhiteFideId "12400661"]
[BlackFideId "3204634"]
[EventDate "2015.03.17"]

1. e4 c5 2. Nf3 Nc6 3. d4 cxd4 4. Nxd4 Nf6 5. Nc3 e5 6. Nb3 Bb4 7. Bd3 d5 8.
exd5 Nxd5 9. Bd2 Bxc3 10. bxc3 O-O 11. O-O b6 12. c4 Nf4 13. Bxf4 exf4 14. Qf3
Qf6 15. Nd2 Bb7 16. Qh3 g6 17. Ne4 Qg7 18. c5 Ne5 19. Nd6 Bd5 20. Be4 Bxe4 21.
Nxe4 bxc5 22. Rfe1 c4 23. Qh4 f6 24. Qxf4 h6 25. Qe3 Rae8 26. Qc3 Qc7 27. h3 f5
28. Nd2 f4 29. Re4 Nd7 30. Rxc4 Qe5 31. Qxe5 Nxe5 32. Re4 Nc6 33. Rae1 Rxe4 34.
Rxe4 Kg7 35. Kf1 g5 36. Nb3 Kf6 37. Rc4 Ne5 38. Ra4 Rc8 39. Nd4 Rd8 40. Ra6+ Kf7
41. Rxa7+ Kg6 42. c3 Rb8 43. Nb3 Rc8 44. Ra5 Nd7 45. Rd5 Nf6 46. Rc5 Ra8 47. Nc1
Ra3 48. f3 Nh5 49. Ke2 Ng3+ 50. Kd3 Nf1 51. Rc6+ Kh5 52. Rd6 Ra4 53. Ke2 Ng3+
54. Kf2 Ra3 55. Rd3 Kh4 56. c4 Ra8 57. Rd2 Nf5 58. Nb3 Ne3 59. c5 Rc8 60. Rd6 h5
61. Rd2 g4 62. hxg4 hxg4 63. fxg4 Kxg4 64. a4 Rh8 65. c6 Kf5 66. c7 Rc8 67. Nd4+
Ke5 68. Nb5 Nd5 69. Ke2 Kf6 70. Nd6 Rxc7 71. Ne8+ Kf5 72. Nxc7 Nxc7 73. a5 1-0

[Event "5th HD Bank Cup 2015"]
[Site "Ho Chi Minh City VIE"]
[Date "2015.03.20"]
[Round "6.1"]
[White "Le, Quang Liem"]
[Black "Li, Chao b"]
[Result "0-1"]
[WhiteTitle "GM"]
[BlackTitle "GM"]
[WhiteElo "2676"]
[BlackElo "2721"]
[WhiteFideId "12401137"]
[BlackFideId "8604436"]
[EventDate "2015.03.17"]

1. d4 Nf6 2. c4 g6 3. f3 d5 4. cxd5 Nxd5 5. e4 Nb6 6. Nc3 Bg7 7. Be3 O-O 8. Qd2
Nc6 9. O-O-O f5 10. e5 Nb4 11. Nh3 a5 12. a3 N4d5 13. Nf4 Nxf4 14. Bxf4 Nd5 15.
h4 h5 16. Bc4 Be6 17. Bg5 c6 18. Kb1 Nxc3+ 19. Qxc3 Qd7 20. Rd3 Rfd8 21. g4 fxg4
22. fxg4 hxg4 23. Rg3 b5 24. Bxe6+ Qxe6 25. Rhg1 b4 26. Qc5 bxa3 27. Rxa3 Rab8
28. Rc3 Qf5+ 29. Rc2 Rb4 30. Be3 Rdb8 31. Bc1 a4 32. Ka1 a3 33. bxa3 Rxd4 34.
Bb2 Re4 35. Qxc6 Rxe5 36. Qc4+ Kh7 37. h5 Rxb2 38. hxg6+ Kh6 39. Rxb2 Rc5 40.
Rh1+ Kxg6 41. Qg8 Qf6 42. Rh2 g3 43. Rg2 Rc3 44. Ka2 Qd6 45. Qe8+ Kh6 46. Qa4
Qd5+ 47. Kb1 Rc4 48. Qa6+ Rc6 49. Qb5 Qe4+ 50. Rbc2 Qe1+ 51. Ka2 Rxc2+ 52. Rxc2
Qa1+ 0-1

[Event "5th HD Bank Cup 2015"]
[Site "Ho Chi Minh City VIE"]
[Date "2015.03.20"]
[Round "6.2"]
[White "Nguyen, Ngoc Truong Son"]
[Black "Nguyen, Duc Hoa"]
[Result "1-0"]
[WhiteTitle "GM"]
[BlackTitle "GM"]
[WhiteElo "2659"]
[BlackElo "2516"]
[WhiteFideId "12401110"]
[BlackFideId "12401358"]
[EventDate "2015.03.17"]

1. d4 d5 2. c4 e6 3. Nc3 c6 4. e3 Nf6 5. Nf3 Nbd7 6. Qc2 Bd6 7. Bd3 O-O 8. O-O
dxc4 9. Bxc4 b5 10. Be2 Bb7 11. e4 e5 12. dxe5 Nxe5 13. Nd4 Qc7 14. Nf5 Rfe8 15.
Bg5 Ned7 16. Nxd6 Qxd6 17. Rad1 Qe5 18. Be3 Qe7 19. f3 a6 20. Qd2 c5 21. Qd6
Rac8 22. Qxe7 Rxe7 23. Rd6 Re6 24. Rfd1 Rxd6 25. Rxd6 Kf8 26. g4 Ke7 27. Rd2 Ne8
28. a4 b4 29. Nd5+ Bxd5 30. Rxd5 Rc6 31. Kf2 Nc7 32. Rd1 f6 33. h4 Rd6 34. Rxd6
Kxd6 35. Bf4+ Ne5 36. a5 h6 37. h5 Kc6 38. Ke3 Nb5 39. Bxe5 fxe5 40. f4 Nd4 41.
Bxa6 exf4+ 42. Kxf4 Nb3 43. Kf5 Nxa5 44. Kg6 c4 45. Kxg7 Kb6 46. Bxc4 Nxc4 47.
g5 1-0

[Event "5th HD Bank Cup 2015"]
[Site "Ho Chi Minh City VIE"]
[Date "2015.03.20"]
[Round "6.3"]
[White "Pascua, Haridas"]
[Black "Zhang, Zhong"]
[Result "1/2-1/2"]
[WhiteTitle "IM"]
[BlackTitle "GM"]
[WhiteElo "2423"]
[BlackElo "2614"]
[WhiteFideId "5203953"]
[BlackFideId "8600694"]
[EventDate "2015.03.17"]

1. d4 Nf6 2. c4 e6 3. Nf3 d5 4. Nc3 Bb4 5. Bg5 h6 6. Bxf6 Qxf6 7. e3 O-O 8. a3
Bxc3+ 9. bxc3 c5 10. cxd5 exd5 11. Be2 Be6 12. Ne5 Rc8 13. O-O Nc6 14. f4 cxd4
15. cxd4 Ne7 16. Qb3 b6 17. Ba6 Rd8 18. Rac1 Bc8 19. Bb5 Bf5 20. a4 a6 21. Bd3
Bxd3 22. Qxd3 Qd6 23. f5 f6 24. Ng6 Nxg6 25. fxg6 Qd7 26. Rb1 Qe6 27. Rb3 Rd6
28. Rc3 Rc6 29. Rfc1 Rxc3 30. Qxc3 Re8 31. h3 f5 32. Qc6 Kf8 33. Kh1 a5 34. Qb7
Qxg6 35. Qxd5 Qe6 36. Qf3 Kg8 37. Rc6 Qxe3 38. Qxe3 Rxe3 39. Rxb6 Ra3 40. Rb5
Rxa4 41. Rxf5 Ra1+ 42. Kh2 a4 43. Kg3 Rd1 44. Rd5 Kf7 45. Kf3 Ke6 46. Rd8 a3 47.
Ra8 Ra1 48. Ke4 a2 49. Ra6+ Kf7 50. Kd5 h5 51. h4 g6 52. Ra3 Kg7 53. Ra8 Kf7 54.
Ra3 g5 55. g3 Kg6 56. Kd6 g4 57. d5 Kf5 58. Ra4 Rg1 59. Rxa2 Rxg3 60. Re2 Rh3
61. Ke7 Rxh4 62. d6 Rh1 63. Rd2 Ra1 64. d7 Ra7 65. Rd5+ Kg6 66. Rd6+ Kg5 67.
Rd5+ Kh4 68. Kf6 Rxd7 69. Rxd7 g3 70. Rd4+ Kh3 71. Kg5 g2 72. Kxh5 g1=Q 73. Rh4+
Kg3 74. Rg4+ Kf2 75. Rxg1 Kxg1 1/2-1/2